• 首页
  • 本馆介绍
  • 公告通知
  • 最新文献
  • 馆藏检索
  • 电子资源
  • 读者导购
  • 参考咨询
  • 我的图书馆
  • 登录
  • 详细信息显示
  • 放入我的书架
  • 预约/预借图书
  • 作者相关作品
  • 分类相关作品
  • 丛书相关作品
  • 出版社相关作品

书目信息

  • 表格格式
  • 工作单格式
  • 卡片格式
题名:
中国栽培草地
    
 
作者: 孙启忠 , 张英俊 主编 ;国家牧草产业技术体系 编著
分册:  
出版信息: 北京   科学出版社  2015
页数: 569页
开本: 27cm
丛书名:
单 册:
中图分类: S812.3
科图分类:
主题词: 草地--栽培技术--研究--中国
电子资源:
ISBN: 978-7-03-043649-8
000 01027nam0 2200253 450
001 4681
005 20181012154656.04
010    @a978-7-03-043649-8@b精装@dCNY228.00
100    @a20150601d2015 em y0chiy50 ea
101 0  @achi
102    @aCN@b110000
105    @aa z 000yy
200 1  @a中国栽培草地@9zhong guo zai pei cao di@f国家牧草产业技术体系编著
210    @a北京@c科学出版社@d2015
215    @a569页@c图@d27cm
300    @a牧草科学研究
330    @a本书分为上、下两篇,上篇为栽培草地理论与技术,主要包括栽培草地在农业生态系统中的作用、草地主要栽培牧草分布与区划、牧草轮作制度演变与发展趋势等内容;下篇为栽培草地的区域发展,包括东北湿润半湿润区、华北温暖半湿润区、内蒙古干旱半干旱区、黄土高原半干旱半湿润区等内容。
606 0  @a草地@x栽培技术@x研究@y中国
690    @aS812.3@v5
701  0 @a孙启忠@9sun qi zhong@4主编
701  0 @a张英俊@9zhang ying jun@4主编
712 02 @a国家牧草产业技术体系@9guo jia mu cao chan ye ji shu ti xi@4编著
801  0 @aCN@b91MARC@c20150601
905    @aMuseLib@dS812.3@e174
    
    中国栽培草地/国家牧草产业技术体系编著.-北京:科学出版社,2015
    569页:图;27cm
    牧草科学研究
    
    ISBN 978-7-03-043649-8(精装):CNY228.00
    本书分为上、下两篇,上篇为栽培草地理论与技术,主要包括栽培草地在农业生态系统中的作用、草地主要栽培牧草分布与区划、牧草轮作制度演变与发展趋势等内容;下篇为栽培草地的区域发展,包括东北湿润半湿润区、华北温暖半湿润区、内蒙古干旱半干旱区、黄土高原半干旱半湿润区等内容。
●
相关链接 在E读中查询图书 在五车中查询图书 在当当中查询图书 在豆瓣中查询图书


正题名:中国栽培草地     索取号:S812.3/174         预约/预借

序号 登录号 条形码 馆藏地/架位号 状态 备注
1 1126197   211261971   第二样本阅览室/ [索取号:S812.3/174] 在馆    
2 1126198   211261980   第三借阅区/ [索取号:S812.3/174] 在馆    
唐山师范学院图书馆 欢迎您!
大连网信软件有限公司© 版权所有